[Event "GRE-ch Schools Gymnasia-A 30th"]
[Site "Peristeri"]
[Date "2018.04.02"]
[Round "9"]
[White "Kastis, Fotis"]
[Black "Papagiannis, Asterios"]
[Result "0-1"]
[WhiteElo "1154"]
[BlackElo "1886"]
[PlyCount "28"]
[EventDate "2018.04.01"]
[EventType "swiss (rapid)"]
[EventRounds "9"]
[EventCountry "GRE"]
[SourceTitle "EXT 2019"]
[Source "ChessBase"]
[SourceDate "2018.10.10"]
[SourceVersion "1"]
[SourceVersionDate "2018.10.10"]
[SourceQuality "1"]

1. d4 Nf6 2. c4 e6 3. Nc3 Bb4 4. Qc2 b6 5. e3 Bb7 6. a3 Bxc3+ 7. Qxc3 Ne4 8. Qc2 f5 9. Nf3 0-0 10. Be2 d6 11. 0-0 Nd7 12. Rd1 Rf6 13. Bd2 Rh6 14. Ne1 Qh4 0-1

[Event "GRE-ch Schools Gymnasia-A 30th"]
[Site "Peristeri"]
[Date "2018.04.01"]
[Round "3"]
[White "Koulis, Vasilis Iosif"]
[Black "Papagiannis, Asterios"]
[Result "0-1"]
[WhiteElo "1453"]
[BlackElo "1886"]
[PlyCount "118"]
[EventDate "2018.04.01"]
[EventType "swiss (rapid)"]
[EventRounds "9"]
[EventCountry "GRE"]
[SourceTitle "EXT 2019"]
[Source "ChessBase"]
[SourceDate "2018.10.10"]
[SourceVersion "1"]
[SourceVersionDate "2018.10.10"]
[SourceQuality "1"]

1. e4 c5 2. Nf3 d6 3. c3 Nf6 4. Bd3 a6 5. Bc2 e6 6. Qe2 Be7 7. 0-0 Nbd7 8. Rd1 Qc7 9. d4 0-0 10. e5 Nd5 11. Qe4 g6 12. Bg5 Bxg5 13. Nxg5 dxe5 14. Qh4 N5f6 15. Rd3 exd4 16. Rh3 h5 17. Nd2 Nb6 18. Nde4 Qd8 19. Nxf6+ Qxf6 20. Rf3 Qg7 21. cxd4 cxd4 22. Rd1 e5 23. Rb3 Nd5 24. Be4 Nf4 25. Bxb7 Rb8 26. Bxc8 Rfxc8 27. Rxb8 Rxb8 28. b3 Rc8 29. Kf1 Qf6 30. Qg3 Rc2 31. Ne4 Qc6 32. Qf3 f5 33. Ng5 Qxf3 34. Nxf3 Rc5 35. g3 Ne6 36. Nd2 Kf7 37. Nc4 Kf6 38. Ke2 Nc7 39. Kd2 Nb5 40. a4 Nc3 41. Re1 Nxa4 42. Nxe5 Rxe5 43. Rxe5 Kxe5 44. bxa4 Ke4 45. f4 d3 46. Kd1 Ke3 47. Ke1 a5 48. Kd1 h4 49. Ke1 h3 50. Kd1 d2 51. g4 fxg4 52. f5 gxf5 53. Kc2 Ke2 54. Kb2 d1Q 55. Ka3 Qd6+ 56. Kb3 Qb4+ 57. Kc2 Qc4+ 58. Kb1 Kd1 59. Kb2 Qb4+ 0-1

[Event "GRE-ch Schools Gymnasia-A 30th"]
[Site "Peristeri"]
[Date "2018.04.01"]
[Round "6"]
[White "Papagiannis, Asterios"]
[Black "Apostolatos, Thalis"]
[Result "1-0"]
[WhiteElo "1886"]
[BlackElo "1453"]
[PlyCount "33"]
[EventDate "2018.04.01"]
[EventType "swiss (rapid)"]
[EventRounds "9"]
[EventCountry "GRE"]
[SourceTitle "EXT 2019"]
[Source "ChessBase"]
[SourceDate "2018.10.10"]
[SourceVersion "1"]
[SourceVersionDate "2018.10.10"]
[SourceQuality "1"]

1. d4 d5 2. c4 e6 3. Nf3 Nf6 4. g3 Be7 5. Bg2 0-0 6. Qc2 Nbd7 7. 0-0 b6 8. cxd5 exd5 9. Qc6 Ba6 10. Nc3 Nb8 11. Qxa8 Qc8 12. Nxd5 Nxd5 13. Qxd5 Bxe2 14. Re1 Bxf3 15. Qxf3 Bf6 16. Be3 Rd8 17. Red1 1-0